| 000 | 00852nam a22002537a 4500 | ||
|---|---|---|---|
| 001 | 000489 | ||
| 003 | DO-SdBPM | ||
| 005 | 20250530074549.0 | ||
| 007 | 000489 | ||
| 008 | 160913b1999 sp ||| 00| 0 spa d | ||
| 020 | _a9580454256 | ||
| 040 |
_aDO-SdBPM _bspa _cBPMSU |
||
| 082 | 4 |
_a177.7 _bR595a 1999 _222 |
|
| 100 | 1 | _aRiso, Walter | |
| 245 | 1 | 0 |
_a¿Amar o depender? : _bcómo superar el apego afectivo y hacer del amor una experiencia plena y saludable / _cWalter Riso. |
| 260 |
_aBarcelona : _bGrupo Editorial Norma, _c1999. |
||
| 300 |
_a214 p. ; _c19 cm |
||
| 590 | _aInventariado, 2025/VM | ||
| 650 | 4 | _aAmor | |
| 650 | 4 |
_aRelaciones de pareja _xAspectos psicológicos. |
|
| 740 | _aCómo superar el apego afectivo y hacer del amor una experiencia plena y saludable. | ||
| 910 | _aVMateo V. Control de calidad. BPMSU | ||
| 942 |
_2ddc _cBK |
||
| 999 |
_c11351 _d11351 |
||